Countries Andrea Bocelli has Visited - Statistics

General Stats
  • This quiz has been taken 65 times
    27 since last reset
  • The average score is 54 of 64
Answer Stats
Continent Country % Correct
South America Argentina
100%
South America Brazil
100%
North America Canada
100%
Europe France
100%
Europe Germany
100%
Europe Greece
100%
Europe Ireland
100%
Europe Italy
100%
Europe Poland
100%
Asia/ Europe Russia
100%
Asia South Korea
100%
Europe Spain
100%
Europe United Kingdom
100%
Oceania Australia
92%
Europe Austria
92%
Asia China
92%
Europe Croatia
92%
Africa Egypt
92%
Europe Finland
92%
Asia Israel
92%
Asia Japan
92%
North America Mexico
92%
Europe Netherlands
92%
Europe Norway
92%
Europe Slovakia
92%
Europe Slovenia
92%
Europe Switzerland
92%
Asia/ Europe Turkey
92%
North America United States of America
92%
Europe Czech Republic
85%
Europe Estonia
85%
Asia India
85%
Europe Latvia
85%
Europe Lithuania
85%
Oceania New Zealand
85%
South America Peru
85%
Europe Portugal
85%
Europe Romania
85%
Europe Serbia
85%
Africa South Africa
85%
Europe Sweden
85%
Europe Ukraine
85%
South America Venezuela
85%
Europe Belgium
77%
Europe Bulgaria
77%
South America Colombia
77%
Europe Denmark
77%
South America Ecuador
77%
Europe Hungary
77%
Europe Monaco
77%
Asia Thailand
77%
Asia United Arab Emirates
77%
Europe Vatican City
77%
North America Costa Rica
69%
North America Dominican Republic
69%
Europe Malta
69%
Asia Oman
69%
North America Panama
69%
Europe Iceland
62%
Asia Jordan
62%
Europe Liechtenstein
62%
Asia Malaysia
62%
Asia Philippines
46%
Asia Taiwan
46%
No matching quizzes found
Score Distribution
Percent of People with Each Score
Percentile by Number Answered
Your Score History
You have not taken this quiz since the last reset